<?xml version="1.0" encoding="UTF-8"?>
<record
    xmlns:xsi="http://www.w3.org/2001/XMLSchema-instance"
    xsi:schemaLocation="http://www.loc.gov/MARC21/slim http://www.loc.gov/standards/marcxml/schema/MARC21slim.xsd"
    xmlns="http://www.loc.gov/MARC21/slim">

  <leader>01274nam a2200169 a 4500</leader>
  <controlfield tag="001">000045186</controlfield>
  <controlfield tag="005">20250217091458.0</controlfield>
  <controlfield tag="008">150209s1986    dr a          000 0 spa d</controlfield>
  <datafield tag="040" ind1=" " ind2=" ">
    <subfield code="a">DO-SdBNP</subfield>
    <subfield code="b">spa</subfield>
    <subfield code="c">BNPHU</subfield>
  </datafield>
  <datafield tag="082" ind1=" " ind2=" ">
    <subfield code="a">xxxx</subfield>
    <subfield code="b">xxxx</subfield>
  </datafield>
  <datafield tag="100" ind1="1" ind2=" ">
    <subfield code="a"> L&#xF3;pez Rodr&#xED;guez, Nicol&#xE1;s de Jes&#xFA;s, </subfield>
    <subfield code="d">1936-</subfield>
    <subfield code="9">670</subfield>
  </datafield>
  <datafield tag="245" ind1="1" ind2="0">
    <subfield code="a">Formaci&#xF3;n integral humana y religiosa 7 /</subfield>
    <subfield code="c">Nicol&#xE1;s de Jes&#xFA;s L&#xF3;pez Rodr&#xED;guez.</subfield>
  </datafield>
  <datafield tag="260" ind1=" " ind2=" ">
    <subfield code="a">Santo Domingo :</subfield>
    <subfield code="b">Susaeta Ediciones Dominicanas,</subfield>
    <subfield code="c">1986.</subfield>
  </datafield>
  <datafield tag="300" ind1=" " ind2=" ">
    <subfield code="a">80 p. :</subfield>
    <subfield code="b">il. ;</subfield>
    <subfield code="c">25 cm.</subfield>
  </datafield>
  <datafield tag="504" ind1=" " ind2=" ">
    <subfield code="a">Bibliograf&#xED;a : p. 80</subfield>
  </datafield>
  <datafield tag="505" ind1="0" ind2=" ">
    <subfield code="a">El hombre: La obra m&#xE1;s perfecta de la creaci&#xF3;n --</subfield>
    <subfield code="t">Origen del mundo y de la vida --</subfield>
    <subfield code="t">El hombre es muy superior a los animales --</subfield>
    <subfield code="t">El hombre, ser en evoluci&#xF3;n --</subfield>
    <subfield code="t">Mi cuerpo es algo maravilloso --</subfield>
    <subfield code="t">Soy materia y esp&#xED;ritu --</subfield>
    <subfield code="t">Mi vida, regalo de Dios --</subfield>
    <subfield code="t">El hombre: ser que se realiza en otros --</subfield>
    <subfield code="t">No estoy solo: vivo en sociedad --</subfield>
    <subfield code="t">Quiero servir a los dem&#xE1;s -</subfield>
    <subfield code="t">El hombre: hijo de Dios --</subfield>
    <subfield code="t">Nace el pueblo de Dios: los patriarcas --</subfield>
    <subfield code="t">Esclavitud y liberaci&#xF3;n del pueblo de Dios: Mois&#xE9;s --</subfield>
    <subfield code="t">El pueblo de Dios entra en la tierra prometida y se convierte en reino: Los jueces y la monarqu&#xED;a --</subfield>
    <subfield code="t">El pueblo de Dios se mantiene en la fe en la esperanza: Los profetas --</subfield>
    <subfield code="t">La libertad de Jes&#xFA;s --</subfield>
    <subfield code="t">El nuevo reino de Dios --</subfield>
  </datafield>
  <datafield tag="952" ind1=" " ind2=" ">
    <subfield code="0">0</subfield>
    <subfield code="1">0</subfield>
    <subfield code="7">1</subfield>
    <subfield code="8">PD</subfield>
    <subfield code="a">PD</subfield>
    <subfield code="b">PD</subfield>
    <subfield code="c">CT</subfield>
    <subfield code="d">2015-02-09</subfield>
    <subfield code="i">LF1</subfield>
    <subfield code="l">0</subfield>
    <subfield code="o">xxxx xxxx</subfield>
    <subfield code="p">45186-10</subfield>
    <subfield code="r">2020-06-25</subfield>
    <subfield code="w">2020-06-25</subfield>
    <subfield code="y">LFPD</subfield>
    <subfield code="Z">No se presta</subfield>
  </datafield>
  <datafield tag="999" ind1=" " ind2=" ">
    <subfield code="c">44675</subfield>
    <subfield code="d">44675</subfield>
  </datafield>
</record>
